00772cam a22002417a 4500003000500000005001700005008004100022010001000063011001000073035001000083040000900093082002400102111007100126245001400197260005400211300001100265490002100276650002700297650003600324650002900360710012000389830002100509CHAP20220329140747.0971013s1960 r 10010 d a57191 a58163 a62318 cCHAP a581.15063bS95 196000aSymposium on Mutation and Plant Breeding. (d1960c: Ithaca, N.Y.) 0aPonencias aWashington :bNational Academy of Sciences,c1960 a521 p. 0aN.A.S., Pub. 89114aPlantasxMejoramiento.14aRadiaciónxEfecto en plantas.14aVariación (Botánica)0 aNational Academy of Sciences. Washington, D. C. Committee of Plant Breeding and Genetics of the Agricultural Board.0 aN.A.S., Pub. 891